Codi de normativa catalana de funció pública local / Leonor Alonso González, Ma. Mercedes Arranz de Gracia
ISBN:
84-95458-17-9
Descripción Física:
349 p. ; 17 cm
Colección:
Atelier textos jurídics ; 3
MARC
| LEADER | 00000nam a2200000Ia 4500 | ||
|---|---|---|---|
| 001 | 17294 | ||
| 008 | 160829s9999 xx 000 0 cat d | ||
| 020 | |a 84-95458-17-9 | ||
| 080 | |a D-3-73 | ||
| 245 | |a Codi de normativa catalana de funció pública local / Leonor Alonso González, Ma. Mercedes Arranz de Gracia | ||
| 250 | |a 3a ed. | ||
| 260 | |a Barcelona : |b Atelier, cop. 2001 | ||
| 300 | |a 349 p. ; |c 17 cm | ||
| 490 | |a Atelier textos jurídics ; 3 | ||
| 590 | |a Índex | ||
| 650 | 0 | |a Funció pública |z Catalunya |9 8062 | |
| 650 | 0 | |a Administració local |x Dret i legislació |z Catalunya |9 37894 | |
| 700 | |a Alonso González, Leonor |9 26186 | ||
| 700 | |a Arranz de Gracia, María Mercedes |9 26187 | ||
| 901 | |a Arxiu | ||
| 942 | |n 1 | ||
| 952 | |0 1 |1 0 |2 udc |4 0 |5 2 |6 D373 |7 1 |9 43914 |a Arxiu |b Arxiu |d 2016-12-01 |l 0 |o D-3-73 |p 17294 |r 2016-12-01 00:00:00 |w 2016-12-01 |y ARXIU | ||
| 999 | |c 46494 |d 46494 | ||